Kinh tế y tế và Bảo hiểm y tế : Sách đào tạo bác sĩ đa khoa

Sách Kinh tế Y tế và Bảo hiểm Y tế được biên soạn dựa trên chương trình giáo dục đại học của Trường Đại học Y Hà Nội trên cơ sở chương trình khung đã được phê duyệt. Sách được các nhà giáo giàu kinh nghiệm và tâm huyết với công tác đ...

ver descrição completa

Na minha lista:
Detalhes bibliográficos
Autor principal: Nguyễn Thị Kim Chúc Chủ biên
Formato: Livro
Idioma:Vietnamese
Publicado em: H. Y học 2007
Assuntos:
Tags: Adicionar Tag
Sem tags, seja o primeiro a adicionar uma tag!
Thư viện lưu trữ: Thư viện Trường Đại học Nam Cần Thơ
LEADER 01996nam a22002417a 4500
001 NCT_30846
008 180417b xxu||||| |||| 00| 0 vie d
999 |c 1484  |d 1484 
020 |c 24000 
082 0 4 |2 23rd ed.  |a 338.4  |b Ch506 
100 1 |a Nguyễn Thị Kim Chúc  |d Chủ biên 
245 1 0 |a Kinh tế y tế và Bảo hiểm y tế  |b : Sách đào tạo bác sĩ đa khoa  |c Nguyễn Thị Kim Chúc 
260 |a H.  |b Y học  |c 2007 
300 |a 110tr.  |c 27cm 
520 3 |a Sách Kinh tế Y tế và Bảo hiểm Y tế được biên soạn dựa trên chương trình giáo dục đại học của Trường Đại học Y Hà Nội trên cơ sở chương trình khung đã được phê duyệt. Sách được các nhà giáo giàu kinh nghiệm và tâm huyết với công tác đào tạo biên soạn theo phương châm: Kiến thức cơ bản, hệ thống; nội dung chính xác, khoa học; cập nhật các tiến bộ khoa học kỹ thuật hiện đại và thực tiễn Việt Nam.  
653 |a Dược học 
942 |2 ddc  |c BK 
952 |0 0  |1 0  |2 ddc  |4 0  |6 338_400000000000000_CH506  |7 0  |9 7119  |a 000001  |b 000001  |d 2018-04-17  |o 338.4 Ch506  |p MD.12000  |r 2018-04-17  |v 24000.00  |w 2018-04-17  |y BK 
952 |0 0  |1 0  |2 ddc  |4 0  |6 338_400000000000000_CH506  |7 0  |9 7120  |a 000001  |b 000001  |d 2018-04-17  |o 338.4 Ch506  |p MD.12001  |r 2018-04-17  |v 24000.00  |w 2018-04-17  |y BK 
952 |0 0  |1 0  |2 ddc  |4 0  |6 338_400000000000000_CH506  |7 0  |9 7121  |a 000001  |b 000001  |d 2018-04-17  |o 338.4 Ch506  |p MD.12002  |r 2018-04-17  |v 24000.00  |w 2018-04-17  |y BK 
952 |0 0  |1 0  |2 ddc  |4 0  |6 338_400000000000000_CH506  |7 0  |9 7122  |a 000001  |b 000001  |d 2018-04-17  |o 338.4 Ch506  |p MD.12003  |r 2018-04-17  |v 24000.00  |w 2018-04-17  |y BK 
952 |0 0  |1 0  |2 ddc  |4 0  |6 338_400000000000000_CH506  |7 0  |9 7123  |a 000001  |b 000001  |d 2018-04-17  |o 338.4 Ch506  |p MD.12004  |r 2018-04-17  |v 24000.00  |w 2018-04-17  |y BK 
980 |a Thư viện Trường Đại học Nam Cần Thơ